书目信息 |
| 题名: |
关于人的学说的哲学探讨
|
|
| 作者: | ||
| 分册: | ||
| 出版信息: | 北京 人民出版社 1982 |
|
| 页数: | 382页 | |
| 开本: | 21cm | |
| 丛书名: | ||
| 单 册: | ||
| 中图分类: | B038 | |
| 科图分类: | ||
| 主题词: | 人学--研究 | |
| 电子资源: | ||
| ISBN: | ||
| 000 | 00564nam0 2200217 45 | |
| 001 | 0182006127 | |
| 005 | 20060819172012.35 | |
| 010 | @dCNY1.25 | |
| 091 | @aCN@b2001.221 | |
| 100 | @a19950703d1982 kemy0chiy0121 ea | |
| 101 | 0 | @achi |
| 102 | @aCN@b110000 | |
| 105 | @ay z 000yy | |
| 200 | 10 | @a关于人的学说的哲学探讨@Aguan yu ren de xue shuo de zhe xue tan tao |
| 210 | @a北京@c人民出版社@d1982 | |
| 215 | @a382页@d21cm | |
| 606 | @a人学@x研究 | |
| 690 | @aB038@v3 | |
| 801 | 2 | @aCN@bNLC@c20060819 |
| 801 | 0 | @aCN@bTSSF@c20060811 |
| 905 | @a10447@dB038@e31 | |
| 关于人的学说的哲学探讨.-北京:人民出版社,1982 |
| 382页;21cm |
| ISBN :CNY1.25 |
| ● |
| 相关链接 |
|
|
|
|
正题名:关于人的学说的哲学探讨
索取号:B038/31
 
预约/预借
| 序号 | 登录号 | 条形码 | 馆藏地/架位号 | 状态 | 备注 |
| 1 | 0426081 | 204260815 | 密集书库/ [索取号:B038/31] | 在馆 | |
| 2 | 0448851 | 204488517 | 密集书库/ [索取号:B038/31] | 在馆 | |
| 3 | 0471169 | 204711696 | 密集书库/ [索取号:B038/31] | 在馆 |